Company law
| Main Author: | |
|---|---|
| Format: | Book |
| Published: |
London :
Pitman Publishing ,
1966
|
| Edition: | 10th ed |
| Subjects: |
MARC
| LEADER | 00000cam a2200000 7i4500 | ||
|---|---|---|---|
| 001 | 0000005820 | ||
| 002 | 000006292 | ||
| 005 | 20100609.0 | ||
| 020 | |a 0712106987 | ||
| 090 | 0 | 0 | |a 344.10666 |b OLI |
| 100 | 1 | |a Oliver, M.C | |
| 245 | 1 | 0 | |a Company law |c M.C Oliver ; revise by E.A. Marshall |
| 250 | |a 10th ed | ||
| 260 | |a London : |b Pitman Publishing , |c 1966 | ||
| 300 | |a 488p. ; |c 17cm. | ||
| 650 | 0 | 0 | |a Corporation law |z Great Britain |
| 999 | |a 037769 |b BUKU |c PINJAMAN |e PERPUSTAKAAN KOMUNITI PETALING JAYA | ||